कळस चढविला मंदिरी (Record no. 184193)

MARC details
000 -LEADER
fixed length control field 00476nam a2200145Ia 4500
008 - FIXED-LENGTH DATA ELEMENTS--GENERAL INFORMATION
fixed length control field 090124s9999 xx 000 0 und d
082 ## - DEWEY DECIMAL CLASSIFICATION NUMBER
Item number 202612
245 ## - TITLE STATEMENT
Title कळस चढविला मंदिरी
250 ## - EDITION STATEMENT
Edition statement 1
260 ## - PUBLICATION, DISTRIBUTION, ETC. (IMPRINT)
Name of publisher, distributor, etc बेलवलकर वासुदेव ( कॅप्टन )
Date of publication, distribution, etc 1981
300 ## - PHYSICAL DESCRIPTION
Extent 527
630 ## - SUBJECT ADDED ENTRY--UNIFORM TITLE
Uniform title कळस चढविला मंदिरी
730 ## - ADDED ENTRY--UNIFORM TITLE
Uniform title कळस चढविला मंदिरी
942 ## - ADDED ENTRY ELEMENTS (KOHA)
Koha item type Book
Holdings
Withdrawn status Lost status Damaged status Not for loan Home library Current library Date acquired Cost, normal purchase price Total Checkouts Full call number Barcode Date last seen Cost, replacement price Price effective from Koha item type
        Marathi Granth Sangrahalaya,Thane Marathi Granth Sangrahalaya,Thane   70.00   202612 THNMGS-202612 01/24/2009 70.00 01/24/2009 Book